|
|
|
|
| LEADER |
00000cab a2200000 a 4500 |
| 003 |
Ucuenca |
| 005 |
20230308201327.0 |
| 008 |
001121| ||||||||r|||||||||||spa|| |
| 022 |
|
|
|a 1390-079X
|
| 040 |
|
|
|b spa
|
| 041 |
1 |
|
|a spa
|
| 082 |
0 |
|
|a 050
|b S617c
|
| 100 |
1 |
|
|a López Bustamante, Lauro
|9 176299
|
| 245 |
|
|
|a Descentralización, una visión desde lo provicial
|c Lauro López Bustamante
|h imp
|
| 264 |
|
|
|a Cuenca
|b SENDAS
|c Noviembre de 2001
|
| 300 |
|
|
|a páginas: 9-14
|c 21 cm
|
| 362 |
|
|
|a no. 1 (Noviembre de 2001)
|
| 504 |
|
|
|a incl. ref.
|
| 650 |
1 |
0 |
|a Descentralización
|9 4114
|
| 650 |
1 |
|
|a Revista cantaro
|9 175375
|
| 852 |
|
|
|a UC-CDJBV
|f Donación
|l 1
|m General
|p 20011219
|r 2
|b 0
|d CDRC
|e CDRC
|g 050 S617c TERCER PISO (SECCION REVISTAS)
|z 2001-11-21
|
| 942 |
|
|
|c SERA
|
| 773 |
0 |
|
|0 150533
|9 130170
|a SENDAS
|d Cuenca SENDAS Noviembre de 2001
|o 47202
|t Cuadernos de Cántaro
|x 1390-079x
|
| 999 |
|
|
|c 95240
|d 95240
|